Loading...
Culture and society : an introduction to cultural studies /
| Hovedforfatter: | |
|---|---|
| Format: | Printed Book |
| Sprog: | English |
| Udgivet: |
London ; Thousand Oaks, Calif. :
SAGE,
2006.
|
| Fag: | |
| Online adgang: | Publisher description Table of contents only |
| LEADER | 01300cam a2200313 a 4500 | ||
|---|---|---|---|
| 008 | 070216s2006 enk b 001 0 eng | ||
| 999 | |c 344468 |d 344468 | ||
| 010 | |a 2007270626 | ||
| 015 | |a GBA598588 |2 bnb | ||
| 016 | 7 | |a 013342617 |2 Uk | |
| 020 | |a 0761942688 (hbk.) | ||
| 020 | |a 9780761942689 (hbk.) | ||
| 020 | |a 0761942696 (pbk.) |c PND34.99 | ||
| 020 | |a 9780761942696 (pbk.) | ||
| 035 | |a (OCoLC)ocm62344205 | ||
| 042 | |a lccopycat | ||
| 082 | 0 | 4 | |a 306.071 |2 22 |
| 100 | 1 | |a Oswell, David. | |
| 245 | 1 | 0 | |a Culture and society : |b an introduction to cultural studies / |c David Oswell. |
| 260 | |a London ; |a Thousand Oaks, Calif. : |b SAGE, |c 2006. | ||
| 300 | |a 246 p. ; |c 24 cm. | ||
| 504 | |a Includes bibliographical references (p. [226]-237) and index. | ||
| 650 | 0 | |a Culture |x Study and teaching. | |
| 856 | 4 | 2 | |3 Publisher description |u http://www.loc.gov/catdir/enhancements/fy0709/2007270626-d.html |
| 856 | 4 | 1 | |3 Table of contents only |u http://www.loc.gov/catdir/enhancements/fy0709/2007270626-t.html |
| 942 | |c BK | ||
| 906 | |a 7 |b cbc |c copycat |d 2 |e ncip |f 20 |g y-gencatlg | ||
| 955 | |a pv03 2007-02-16 z-processor to SSCD ; |c sf07 2007-03-08 | ||
| 952 | |0 0 |1 0 |2 ddc |4 0 |6 306_071000000000000_OSW_C |7 0 |9 396180 |a FLK |b FLK |c ST1 |d 2019-11-06 |g 34.99 |i 5553 |l 0 |o 306.071 OSW/C |p FLK5553 |r 2019-11-06 |w 2019-11-06 |y BK | ||